[Event "FH 3"]
[Site "SchemingMind.com"]
[Date "2022.05.01"]
[Round "-"]
[White "kenneth m day"]
[Black "Allan Sedstrem"]
[Result "1-0"]
[WhiteCountry "USA"]
[BlackCountry "SCO"]
[WhiteElo "1642"]
[WhiteRD "58"]
[BlackElo "1452"]
[BlackRD "64"]
[GameID "723161"]

1. e4 e5 2. Nf3 Nc6 3. c3 Nf6 4. d4 h6 5. Bd3 Be7 6. dxe5 Ng4 7. Bf4 d6 8. exd6 Bxd6 9. Bxd6 Qxd6 10. h3 Nf6
11. O-O O-O 12. Na3 Rd8 13. Bc2 Qe6 14. Qe2 Ne5 15. Bb3 Nxf3+ 16. Qxf3 Qc6 17. Rfe1 Be6 18. Bc2 Qb6 19. Rab1 Bxa2 20. Nc4 Bxc4
21. b3 Be6 22. e5 Nd5 23. Rbd1 c6 24. Rd3 Qa5 25. Red1 Rd7 26. c4 Nc3 27. Rxd7 Bxd7 28. Rxd7 Rf8 29. Rxb7 Qxe5 30. Qe3 Qxe3
31. fxe3 a5 32. Rc7 Re8 33. Rxc6 Rxe3 34. Rc8+ Re8 35. Rxe8#
1-0

[Event "FH 3"]
[Site "SchemingMind.com"]
[Date "2022.05.02"]
[Round "-"]
[White "Nattybridge"]
[Black "kenneth m day"]
[Result "1-0"]
[WhiteCountry "ENG"]
[BlackCountry "USA"]
[WhiteElo "2081"]
[WhiteRD "83"]
[BlackElo "1642"]
[BlackRD "58"]
[GameID "723162"]

1. c4 g6 2. g3 c5 3. Bg2 Nc6 4. Nf3 Bg7 5. O-O d6 6. Nc3 Nf6 7. d4 O-O 8. e3 cxd4 9. exd4 Bd7 10. a3 e5
11. Bg5 Re8 12. d5 Ne7 13. Re1 h6 14. Bxf6 Bxf6 15. Ne4 Bg7 16. Nxd6 Rf8 17. Nxe5 Qc7 18. Ndxf7 Rxf7 19. Nxf7 Kxf7 20. d6 Qxc4
21. Rxe7+ Kg8 22. Rxd7 Re8 23. Bd5+
1-0

[Event "FH 3"]
[Site "SchemingMind.com"]
[Date "2022.05.01"]
[Round "-"]
[White "kenneth m day"]
[Black "Drag0nBall"]
[Result "0-1"]
[WhiteCountry "USA"]
[BlackCountry "NCA"]
[WhiteElo "1608"]
[WhiteRD "61"]
[BlackElo "2312"]
[BlackRD "118"]
[GameID "723163"]

1. e4 e5 2. Nf3 Nc6 3. c3 d5 4. Qa4 f6 5. d3 a6 6. Be2 Ne7 7. O-O g5 8. h3 h5 9. exd5 Qxd5 10. Qe4 Qf7
11. Na3 g4 12. hxg4 hxg4 13. Nh2 Qh5 14. f4 Qxh2+ 15. Kf2 Bf5 16. Qe3 Nd5 17. Qg3 Bc5+ 18. d4 Nxd4 19. Qxh2 Nxe2+ 20. Kxe2 Rxh2
21. fxe5 Rxg2+ 22. Ke1 Bd3 23. Rh1 O-O-O 24. Bd2 Be3 25. Bxe3 Nxe3 26. exf6 Re2#
0-1

[Event "FH 3"]
[Site "SchemingMind.com"]
[Date "2022.05.01"]
[Round "-"]
[White "Gomezeta"]
[Black "kenneth m day"]
[Result "0-1"]
[WhiteCountry "ITA"]
[BlackCountry "USA"]
[WhiteElo "1534"]
[WhiteRD "175"]
[BlackElo "1642"]
[BlackRD "58"]
[GameID "723164"]

1. d4 Nf6 2. c4 e5 3. dxe5 Ng4 4. Nf3 Nc6 5. Bf4 Bc5 6. e3 O-O 7. h3 Nh6 8. Bd3 d6 9. a3 Re8 10. Nc3 dxe5
0-1

[Event "FH 3"]
[Site "SchemingMind.com"]
[Date "2022.05.02"]
[Round "-"]
[White "Chessibelle"]
[Black "Kenny Elliott"]
[Result "0-1"]
[WhiteCountry "ENG"]
[BlackCountry "USA"]
[WhiteElo "1063"]
[WhiteRD "65"]
[BlackElo "1538"]
[BlackRD "73"]
[GameID "723165"]

1. Nf3 Nc6 2. d4 d5 3. g3 Nf6 4. e3 Bg4 5. Be2 e6 6. b3 Ne4 7. Bb2 Bd6 8. a3 O-O 9. O-O Bh3 10. Re1 Qf6
11. Qd3 Bf5 12. Nc3 Nxg3 13. Qd2 Nxe2+ 14. Nxe2 Bg4 15. Ng3 Qxf3 16. e4 Bh3
0-1

[Event "FH 3"]
[Site "SchemingMind.com"]
[Date "2022.05.05"]
[Round "-"]
[White "mochiron"]
[Black "Chessibelle"]
[Result "1-0"]
[WhiteCountry "JPN"]
[BlackCountry "ENG"]
[WhiteElo "1418"]
[WhiteRD "98"]
[BlackElo "1185"]
[BlackRD "67"]
[GameID "723166"]

1. d4 d5 2. Bf4 Nc6 3. Nf3 Bd7 4. e3 Nf6 5. Bd3 g6 6. O-O Bg7 7. Ne5 Be6 8. Nxc6 bxc6 9. Nd2 h6 10. Be5 O-O
11. Bxf6 Bxf6 12. c3 Bd7 13. f4 Bg7 14. Nf3 Bg4 15. h3 Bd7 16. Ne5 Be6 17. f5 gxf5 18. Bxf5 Qc8 19. Bxe6 Qxe6 20. Qf3 f6
21. Ng6 Rfe8 22. Nf4 Qf7 23. b4 e5 24. dxe5 fxe5 25. Ne2 Qe7 26. Ng3 e4 27. Qf2 Bxc3 28. Rac1 Bxb4 29. Nf5 Qe6 30. Qg3+ Kf8
31. Qg7#
1-0

[Event "FH 3"]
[Site "SchemingMind.com"]
[Date "2022.05.01"]
[Round "-"]
[White "Chessibelle"]
[Black "Derek Price"]
[Result "0-1"]
[WhiteCountry "ENG"]
[BlackCountry "ENG"]
[WhiteElo "1063"]
[WhiteRD "65"]
[BlackElo "2334"]
[BlackRD "74"]
[GameID "723167"]

1. Nf3 Nf6 2. d4 e6 3. Bd2 d5 4. e3 Bd6 5. g3 O-O 6. Be2 c5 7. b3 Nc6 8. c3 Re8 9. O-O e5 10. a3 e4
11. Nh4 Bh3 12. Re1 Qd7 13. f3 exf3 14. Bxf3 Re7 15. c4 dxc4 16. bxc4 cxd4 17. e4 h6 18. Kf2 Rae8 19. Bc1 Bc5 20. Bf4 Nxe4+
21. Kg1 d3+ 22. Be3 Nf2 23. Kxf2 Rxe3 24. Qd2 Re2#
0-1

[Event "FH 3"]
[Site "SchemingMind.com"]
[Date "2022.05.02"]
[Round "-"]
[White "maro"]
[Black "Chessibelle"]
[Result "1-0"]
[WhiteCountry "MEX"]
[BlackCountry "ENG"]
[WhiteElo "1425"]
[WhiteRD "62"]
[BlackElo "1063"]
[BlackRD "65"]
[GameID "723168"]

1. e4 e5 2. d4 Bd6 3. dxe5 Bxe5 4. Nf3 Bd6 5. e5 Be7 6. Nc3 f6 7. exf6 Nxf6 8. Bd3 g6 9. Bh6 Nc6 10. Bg7 Rg8
11. Bh6 d5 12. Qe2 Qd6 13. O-O-O b6 14. Nb5 Qd7 15. Bf4 Bb7 16. Nxc7+ Kf7 17. Nxa8 Rxa8 18. Ng5+ Kg7 19. Bb5 a6 20. Bc4 Na5
21. Ne6+ Kg8 22. Bb3 Nxb3+ 23. axb3 Ne4 24. Nd4 Re8 25. f3 Nc5 26. Qf2 Qc8 27. Rhe1 Qd7 28. Be5 Bg5+ 29. f4 Bh6 30. Qh4 Bf8
31. g4 Re7 32. f5 Bg7 33. f6 Rf7 34. fxg7 Ne6 35. Nxe6 Qxe6 36. Qd8+
1-0

[Event "FH 3"]
[Site "SchemingMind.com"]
[Date "2022.04.30"]
[Round "-"]
[White "Chessibelle"]
[Black "Black Knight"]
[Result "0-1"]
[WhiteCountry "ENG"]
[BlackCountry "USA"]
[WhiteElo "1063"]
[WhiteRD "65"]
[BlackElo "1235"]
[BlackRD "63"]
[GameID "723169"]

1. Nf3 Nc6 2. d4 d5 3. e3 Bg4 4. Be2 Bxf3 5. Bxf3 Nf6 6. h3 e5 7. Bd2 e4 8. Be2 Bb4 9. c3 Bd6 10. Bb5 O-O
11. O-O Ne7 12. g4 c6 13. Be2 Qd7 14. f3 Qc7 15. Rf2 Bg3 16. Rg2 Ng6 17. Kh1 Nh4 18. Rg1 Bf2 19. Rf1 Qg3 20. Rg1 Qxh3#
0-1

[Event "FH 3"]
[Site "SchemingMind.com"]
[Date "2022.04.30"]
[Round "-"]
[White "JAHI"]
[Black "Chessibelle"]
[Result "1-0"]
[WhiteCountry "INT"]
[BlackCountry "ENG"]
[WhiteElo "2127"]
[WhiteRD "66"]
[BlackElo "1042"]
[BlackRD "69"]
[GameID "723170"]

1. f3 e5 2. g3 d6 3. Bg2 Nf6 4. Kf1 Nc6 5. f4 Bf5 6. Nf3 g6 7. d3 Be7 8. e3 O-O 9. Nc3 Be6 10. h3 Rb8
11. Rh2 Nh5 12. Ne2 f5 13. Kg1 d5 14. fxe5 Rf7 15. h4 Bf8 16. Kh1 Bg7 17. Ng5 Qe8 18. Nxf7 Qxf7 19. d4 b6 20. Bf3 Bh6
21. Rg2 Ne7 22. Nf4 Ng7 23. c3 c6 24. b3 g5 25. hxg5 Bxg5 26. Bb2 Rc8 27. Qe2 Rf8 28. Rag1 Nh5 29. Bxh5 Ng6 30. a3 Qe8
31. a4 Qe7 32. Ba3 Qxa3 33. Nxe6 Rf7 34. Bxg6 hxg6 35. Nxg5 Rd7 36. g4 Qe7 37. gxf5 Qf8 38. f6 Rc7 39. Qh5 c5 40. Qxg6+ Rg7
41. fxg7 Qxg7 42. Qe6+ Kf8 43. Rf1+
1-0

[Event "FH 3"]
[Site "SchemingMind.com"]
[Date "2022.05.01"]
[Round "-"]
[White "Allan Sedstrem"]
[Black "Chessibelle"]
[Result "1-0"]
[WhiteCountry "SCO"]
[BlackCountry "ENG"]
[WhiteElo "1453"]
[WhiteRD "64"]
[BlackElo "1063"]
[BlackRD "65"]
[GameID "723171"]

1. e4 e5 2. Nf3 h6 3. Nxe5 Qf6 4. d4 d6 5. Nf3 Nc6 6. b3 g5 7. Bb2 Bg4 8. Be2 Bg7 9. Nbd2 O-O-O 10. h3 Bd7
11. O-O b6 12. c3 Be6 13. d5 Bd7 14. dxc6 Be6 15. b4 Re8 16. Qa4 Kb8 17. Nd4 Bc8 18. Nb5 Be6 19. Qxa7+
1-0

[Event "FH 3"]
[Site "SchemingMind.com"]
[Date "2022.05.02"]
[Round "-"]
[White "Chessibelle"]
[Black "Nattybridge"]
[Result "0-1"]
[WhiteCountry "ENG"]
[BlackCountry "ENG"]
[WhiteElo "1063"]
[WhiteRD "65"]
[BlackElo "2050"]
[BlackRD "81"]
[GameID "723172"]

1. Nf3 d5 2. d4 c6 3. e3 Nf6 4. h3 e6 5. Be2 Bd6 6. O-O O-O 7. Nbd2 b5 8. c3 Bb7 9. a3 Nbd7 10. Nh2 a6
11. Ndf3 Qc7 12. Re1 c5 13. Ng5 Bxh2+ 14. Kf1 Bd6 15. f4 h6 16. Nf3 Ne4 17. Bd3 Ndf6 18. b4 c4 19. Be2 Nxc3 20. Qd2 Nfe4
21. Ne5 Nxd2+
0-1

[Event "FH 3"]
[Site "SchemingMind.com"]
[Date "2022.04.30"]
[Round "-"]
[White "Drag0nBall"]
[Black "Chessibelle"]
[Result "1-0"]
[WhiteCountry "NCA"]
[BlackCountry "ENG"]
[WhiteElo "2159"]
[WhiteRD "157"]
[BlackElo "1063"]
[BlackRD "65"]
[GameID "723173"]

1. e4 e5 2. Nf3 d6 3. d4 Nf6 4. dxe5 Nxe4 5. Qd5 Bf5 6. Bc4 Qe7 7. Qxb7 g6 8. Qxa8 Qd8 9. Qd5 Qe7 10. Bb5+ Kd8
11. Qa8 dxe5 12. Qxb8+ Bc8 13. Ba6 Nd6 14. O-O Qf6 15. Bg5
1-0

[Event "FH 3"]
[Site "SchemingMind.com"]
[Date "2022.05.01"]
[Round "-"]
[White "Chessibelle"]
[Black "Gomezeta"]
[Result "0-1"]
[WhiteCountry "ENG"]
[BlackCountry "ITA"]
[WhiteElo "1131"]
[WhiteRD "69"]
[BlackElo "1608"]
[BlackRD "148"]
[GameID "723174"]

1. Nf3 Nf6 2. h3 d5 3. d4 Bf5 4. e3 e6 5. Bd2 Nbd7 6. b3 Bd6 7. Be2 O-O 8. Bc3 c5 9. Nbd2 Qc7 10. Nf1 b6
11. Ng5 h6 12. Nf3 cxd4 13. Bxd4 Bxc2 14. Qd2 Ne4 15. Qc1 e5 16. Bb2 Bb4+ 17. N1d2 Rac8 18. O-O Qd6 19. Qe1 f6 20. Nh4 Ndc5
21. Nf5 Qd8 22. f3 Nxd2 23. Qxd2 Bxd2
0-1

[Event "FH 3"]
[Site "SchemingMind.com"]
[Date "2022.05.02"]
[Round "-"]
[White "Kenny Elliott"]
[Black "JAHI"]
[Result "0-1"]
[WhiteCountry "USA"]
[BlackCountry "INT"]
[WhiteElo "1532"]
[WhiteRD "70"]
[BlackElo "2145"]
[BlackRD "68"]
[GameID "723175"]

1. e4 a6 2. d4 g6 3. Nf3 Bg7 4. Bc4 Kf8 5. O-O d6 6. Bf4 Bg4 7. h4 Nd7 8. Nbd2 e6 9. c3 h6 10. Qb3 Bxf3
11. Nxf3 Qb8 12. Rae1 Ne7 13. g3 Nc6 14. Kg2 Na5 15. Qa4 Nxc4 16. Qxc4 Kg8 17. Rh1 h5 18. Ng5 Nf8 19. f3 Qc8 20. Nh3 Qd7
21. Qb3 c6 22. Rd1 Re8 23. c4 Bh6 24. e5 Bxf4 25. Nxf4 d5 26. cxd5 exd5 27. Rhe1 Ne6 28. Nxe6 fxe6 29. Qe3 Rh7 30. a3 Kh8
31. Rd3 Rg8 32. Rb3 Qc7 33. Qf4 Re8 34. Qf6+ Rg7 35. g4 Kh7 36. Qg5 Rf8 37. Rf1 b6 38. Qc1 c5 39. Rc3 c4 40. Kh3 hxg4+
41. fxg4 Rgf7 42. Rxf7+ Qxf7 43. b3 b5 44. bxc4 dxc4 45. Qh1 Qf2 46. Rg3 Qf1+ 47. Qxf1 Rxf1 48. Kg2 Rf4 49. d5 exd5 50. e6 d4
51. e7 Re4 52. h5 d3 53. hxg6+ Kxg6
0-1

[Event "FH 3"]
[Site "SchemingMind.com"]
[Date "2022.05.01"]
[Round "-"]
[White "JAHI"]
[Black "maro"]
[Result "1-0"]
[WhiteCountry "INT"]
[BlackCountry "MEX"]
[WhiteElo "2156"]
[WhiteRD "66"]
[BlackElo "1425"]
[BlackRD "62"]
[GameID "723176"]

1. f3 e5 2. g3 d5 3. Bg2 Nc6 4. Kf1 Bc5 5. f4 exf4 6. gxf4 Qf6 7. d3 Ne5 8. d4 Bb6 9. dxe5 Qh4 10. Qe1 Qd8
11. Nc3 Ne7 12. Na4 c6 13. Nxb6 Qxb6 14. Nf3 Nf5 15. Rg1 f6 16. exf6 gxf6 17. Qc3 Rg8 18. Qxf6 Bd7 19. Ne5 Rg7 20. Nxd7 Kxd7
21. Qxf5+ Ke8 22. Qe6+ Kf8 23. Be3 Qxb2 24. Bc5+
1-0

[Event "FH 3"]
[Site "SchemingMind.com"]
[Date "2022.05.01"]
[Round "-"]
[White "Black Knight"]
[Black "JAHI"]
[Result "0-1"]
[WhiteCountry "USA"]
[BlackCountry "INT"]
[WhiteElo "1235"]
[WhiteRD "63"]
[BlackElo "2156"]
[BlackRD "66"]
[GameID "723177"]

1. e4 a6 2. d4 g6 3. Nf3 Bg7 4. Nc3 Kf8 5. Bc4 d6 6. Bf4 h6 7. Qd2 b6 8. O-O Bb7 9. Rfe1 Nd7 10. a3 e6
11. b4 Ne7 12. a4 Kg8 13. d5 exd5 14. Ba2 dxe4 15. Nxe4 Bxa1 16. Rxa1 Bxe4 17. Qe2 Bd5 18. Bxd5 Nxd5 19. Qd2 Qf6 20. Bg3 Qxa1+
21. Qe1 Qxe1+ 22. Nxe1 Nxb4 23. c3 Nd5 24. c4 Nc3 25. Nd3 b5 26. h4 Ne2+ 27. Kh2 bxa4
0-1

[Event "FH 3"]
[Site "SchemingMind.com"]
[Date "2022.05.02"]
[Round "-"]
[White "Kenny Elliott"]
[Black "Allan Sedstrem"]
[Result "1-0"]
[WhiteCountry "USA"]
[BlackCountry "SCO"]
[WhiteElo "1558"]
[WhiteRD "70"]
[BlackElo "1437"]
[BlackRD "64"]
[GameID "723178"]

1. e4 e5 2. Nf3 Nc6 3. Nc3 a6 4. Bc4 h6 5. O-O Bc5 6. d3 Nf6 7. Nd5 O-O 8. a4 Nd4 9. Nxd4 Nxd5 10. Nf3 Nf6
11. Nxe5 d6 12. Nxf7 Rxf7 13. Bxf7+ Kxf7 14. b3 Bd4 15. Rb1 Be6 16. Bb2 Bxb2 17. Rxb2 g6 18. c4 Qd7 19. d4 Nxe4 20. Qf3+ Nf6
21. Qxb7 Qd8 22. Re2 Bf5 23. Rfe1 Bd3 24. Re3 Bc2 25. Re7+ Kf8 26. Rxc7 g5 27. Rf7+ Kg8 28. Ree7 Ne8 29. Qd5 Bg6 30. Rf6+
1-0

[Event "FH 3"]
[Site "SchemingMind.com"]
[Date "2022.05.05"]
[Round "-"]
[White "Allan Sedstrem"]
[Black "mochiron"]
[Result "1-0"]
[WhiteCountry "SCO"]
[BlackCountry "JPN"]
[WhiteElo "1423"]
[WhiteRD "68"]
[BlackElo "1418"]
[BlackRD "98"]
[GameID "723179"]

1. e4 c6 2. d4 d5 3. Nc3 dxe4 4. Nxe4 Bf5 5. f3 Bxe4 6. fxe4 e6 7. Nf3 Bb4+ 8. c3 Ba5 9. Be2 h6 10. b4 Bc7
11. Be3 Nf6 12. e5 Nd5 13. Qd2 Nd7 14. O-O Qe7 15. Rf2 Nxe3 16. Qxe3 O-O 17. Raf1 f5 18. Bc4 b5 19. Bb3 f4 20. Qe4 Rf5
21. Nh4 Qxh4 22. Bxe6+ Kh8 23. Qxf5 Rf8 24. Qe4 Qe7 25. Bxd7 Qxd7 26. Rxf4 Rxf4 27. Rxf4 Bb6 28. Rf8#
1-0

[Event "FH 3"]
[Site "SchemingMind.com"]
[Date "2022.05.01"]
[Round "-"]
[White "Derek Price"]
[Black "Allan Sedstrem"]
[Result "1-0"]
[WhiteCountry "ENG"]
[BlackCountry "SCO"]
[WhiteElo "2334"]
[WhiteRD "74"]
[BlackElo "1453"]
[BlackRD "64"]
[GameID "723180"]

1. c4 e5 2. Nc3 Bc5 3. Nf3 c6 4. Nxe5 Qf6 5. d4 Bb6 6. Nf3 Ne7 7. Bg5 Qd6 8. c5 Bxc5 9. dxc5 Qxc5 10. Be3 Qh5
11. Ne4 d5 12. Nd6+ Kd8 13. Nxc8 Kxc8 14. g3 Nd7 15. Bg2 Nf5 16. Bd2 f6 17. O-O g5 18. Rc1 g4 19. Ne1 Qg6 20. Bxd5 h5
21. Ng2 Nb6 22. Be6+ Nd7 23. Qa4 Re8 24. Rxc6+ bxc6 25. Qxc6+ Kb8 26. Rc1 Ne7 27. Qc7#
1-0

[Event "FH 3"]
[Site "SchemingMind.com"]
[Date "2022.05.01"]
[Round "-"]
[White "Allan Sedstrem"]
[Black "maro"]
[Result "0-1"]
[WhiteCountry "SCO"]
[BlackCountry "MEX"]
[WhiteElo "1437"]
[WhiteRD "64"]
[BlackElo "1426"]
[BlackRD "66"]
[GameID "723181"]

1. c4 e5 2. Nc3 Nf6 3. g3 Bc5 4. Bg2 d6 5. Nf3 Ng4 6. O-O Nc6 7. e3 Be6 8. Na4 Bb4 9. a3 Bxc4 10. axb4 Bxf1
11. Qxf1 Nxb4 12. Qb5+ Nc6 13. Qxb7 Na5 14. Qb5+ c6 15. Qb4 Nf6 16. b3 Rb8 17. Qc3 Rxb3 18. Qc2 O-O 19. d3 Nd5 20. Bd2 Nb4
21. Bxb4 Rxb4 22. Qc3 c5 23. Nb2 Nc6 24. Nc4 Re8 25. Re1 f6 26. Nfd2 d5 27. Nb2 Qd6 28. Rc1 d4 29. Ne4 Qb8 30. Nc4 dxc3
31. Rxc3 Rb1+ 32. Bf1 Qc8 33. Ncd6 Qh3 34. Nd2 Rd1 35. Nxe8 e4 36. Rb3 Ne5 37. Rb1 Nf3+ 38. Nxf3 Qxf1#
0-1

[Event "FH 3"]
[Site "SchemingMind.com"]
[Date "2022.05.01"]
[Round "-"]
[White "Black Knight"]
[Black "Allan Sedstrem"]
[Result "1-0"]
[WhiteCountry "USA"]
[BlackCountry "SCO"]
[WhiteElo "1235"]
[WhiteRD "63"]
[BlackElo "1453"]
[BlackRD "64"]
[GameID "723182"]

1. e4 e5 2. Nf3 Nc6 3. Bb5 Qf6 4. O-O a6 5. d3 axb5 6. Bg5 Qd6 7. Be3 Nf6 8. a3 Be7 9. Nc3 O-O 10. Nxb5 Qe6
11. Nxc7 Qd6 12. Nxa8 Nd4 13. Bxd4 Qc6 14. Nxe5 Qd6 15. Bc3 b6 16. Nxb6 Qxb6 17. Nc4 Qa6 18. b4 d6 19. e5 Nd5 20. exd6 Nxc3
21. Qd2 Bf6 22. Rfe1 Ne4 23. dxe4 Bxa1 24. d7 Bxd7 25. Rxa1 Qxc4 26. Qxd7 Qxe4 27. b5 Re8 28. h3 h6 29. Kf1 Ra8 30. Re1 Qc4+
31. Qd3 Qc8 32. c4 Qc5 33. Ra1 Ra4 34. Re1 Rxa3 35. Re8+ Qf8 36. Rxf8+ Kxf8 37. Qxa3+ Kg8 38. b6
1-0

[Event "FH 3"]
[Site "SchemingMind.com"]
[Date "2022.05.01"]
[Round "-"]
[White "Allan Sedstrem"]
[Black "JAHI"]
[Result "0-1"]
[WhiteCountry "SCO"]
[BlackCountry "INT"]
[WhiteElo "1437"]
[WhiteRD "64"]
[BlackElo "2127"]
[BlackRD "66"]
[GameID "723183"]

1. c4 a6 2. d4 g6 3. Nf3 Bg7 4. Bd2 Kf8 5. Bc3 d6 6. e3 Bg4 7. Be2 Bxf3 8. Bxf3 Nc6 9. O-O e6 10. d5 exd5
11. Bxg7+ Kxg7 12. cxd5 Ne5 13. Qd4 Nf6 14. Be2 Re8= 15. Nd2 c6 16. Bd1 c5 17. Qh4 Nxd5 18. Qxd8 Raxd8 19. Bb3 Nc7 20. f4 Nd3
21. Rab1 Rxe3 22. Nc4 Re2 23. Bd1 Ree8 24. a3 d5 25. Nb6 Rd6 26. Na4 c4 27. Nc3 b6 28. Bc2 Nc5 29. Rbd1 d4 30. b4 cxb3
31. Bxb3 Nxb3 32. Nb1 d3 33. g3 d2 34. Kf2 f6 35. a4 h6 36. Kg1 Rd3 37. Kg2 Nd5
0-1

[Event "FH 3"]
[Site "SchemingMind.com"]
[Date "2022.05.02"]
[Round "-"]
[White "Nattybridge"]
[Black "Allan Sedstrem"]
[Result "1-0"]
[WhiteCountry "ENG"]
[BlackCountry "SCO"]
[WhiteElo "2058"]
[WhiteRD "84"]
[BlackElo "1437"]
[BlackRD "64"]
[GameID "723184"]

1. c4 e5 2. g3 Nf6 3. Bg2 c6 4. d4 d6 5. Nc3 exd4 6. Qxd4 Be7 7. Nf3 O-O 8. O-O c5 9. Qd2 Be6 10. b3 Qd7
11. Bb2 Nc6 12. e3 Rad8 13. Ng5 h6 14. Nxe6 Qxe6 15. Nd5 Ne4 16. Qd3 Rd7 17. Bxe4 Re8 18. Bf5 Ne5 19. Bxe6 Nxd3 20. Bxd7 Rd8
21. Nxe7+ Kf8 22. Bf5 Nxb2 23. Nd5 g6 24. Bc2 a5 25. Rab1 Nxc4 26. bxc4 f5 27. Rxb7 Re8 28. Rfb1
1-0

[Event "FH 3"]
[Site "SchemingMind.com"]
[Date "2022.05.01"]
[Round "-"]
[White "Allan Sedstrem"]
[Black "Drag0nBall"]
[Result "0-1"]
[WhiteCountry "SCO"]
[BlackCountry "NCA"]
[WhiteElo "1452"]
[WhiteRD "64"]
[BlackElo "2166"]
[BlackRD "160"]
[GameID "723185"]

1. e4 e5 2. Nf3 Nf6 3. Nc3 Nc6 4. a3 d5 5. exd5 Nxd5 6. Nxd5 Qxd5 7. d3 Bf5 8. c4 Qe6 9. Be2 O-O-O 10. O-O e4
11. Ng5 Qf6 12. Qe1 exd3 13. Bf3 Nd4 14. Bd5 Ne2+ 15. Kh1 Rxd5 16. cxd5 h6 17. Nf3 Bd6 18. Be3 Bg4 19. Nd4 Nxd4 20. Bxd4 Qf4
21. g3 Qf3+ 22. Kg1 Bh3
0-1

[Event "FH 3"]
[Site "SchemingMind.com"]
[Date "2022.05.03"]
[Round "-"]
[White "Nattybridge"]
[Black "Kenny Elliott"]
[Result "1-0"]
[WhiteCountry "ENG"]
[BlackCountry "USA"]
[WhiteElo "2058"]
[WhiteRD "84"]
[BlackElo "1558"]
[BlackRD "70"]
[GameID "723187"]

1. c4 c5 2. g3 g6 3. Bg2 Bg7 4. Nf3 Nf6 5. O-O O-O 6. Nc3 Nc6 7. d4 cxd4 8. Nxd4 Nxd4 9. Qxd4 Ne8 10. Qd3 d6
11. b3 Bf5 12. e4 Bd7 13. Rb1 e5 14. Nd5 Nc7 15. Ba3 Nxd5 16. Qxd5 Bc6 17. Qxd6 Qxd6 18. Bxd6 Rfe8 19. b4 Re6 20. c5 b6
21. b5 Bb7 22. Bh3 Bxe4 23. Bxe6 Bxb1 24. Rxb1 fxe6 25. c6 e4 26. Re1 Rd8 27. Kg2 Bf8 28. c7 Rc8 29. Be5 Bc5 30. Rxe4 Kf7
31. Ra4 Ra8 32. Rxa7
1-0

[Event "FH 3"]
[Site "SchemingMind.com"]
[Date "2022.05.05"]
[Round "-"]
[White "mochiron"]
[Black "Nattybridge"]
[Result "0-1"]
[WhiteCountry "JPN"]
[BlackCountry "ENG"]
[WhiteElo "1390"]
[WhiteRD "106"]
[BlackElo "2081"]
[BlackRD "83"]
[GameID "723188"]

1. b4 e5 2. Bb2 Bxb4 3. Bxe5 Nf6 4. c3 Ba5 5. Bxf6 Qxf6 6. Nf3 O-O 7. e3 d5 8. Be2 c6 9. O-O Nd7 10. Na3 b5
11. h3 Bb7 12. Nc2 Bc7 13. Ncd4 a6 14. Nh2 Qd6 15. Nf5 Qxh2#
0-1

[Event "FH 3"]
[Site "SchemingMind.com"]
[Date "2022.05.02"]
[Round "-"]
[White "Nattybridge"]
[Black "Derek Price"]
[Result "0-1"]
[WhiteCountry "ENG"]
[BlackCountry "ENG"]
[WhiteElo "2058"]
[WhiteRD "84"]
[BlackElo "2352"]
[BlackRD "69"]
[GameID "723189"]

1. c4 e5 2. g3 Nf6 3. Bg2 c6 4. d4 exd4 5. Qxd4 d5 6. Nf3 Be7 7. O-O O-O 8. Nc3 c5 9. Qd3 d4 10. Nd5 Nxd5
11. cxd5 Na6 12. a3 Nc7 13. b4 cxb4 14. axb4 Nxd5 15. b5 Bf6 16. Bb2 Nc3 17. Rfc1 Qd7 18. Nxd4 Nxb5 19. e3 a6 20. Rab1 Rd8
21. Rc5 Nxd4 22. Bxd4 Bxd4 23. Rd5 Qc7 24. Rxd4 Rxd4 25. Qxd4 h6 26. Bd5 Rb8 27. Qb6 Qxb6 28. Rxb6 a5
0-1

[Event "FH 3"]
[Site "SchemingMind.com"]
[Date "2022.05.02"]
[Round "-"]
[White "maro"]
[Black "Nattybridge"]
[Result "0-1"]
[WhiteCountry "MEX"]
[BlackCountry "ENG"]
[WhiteElo "1426"]
[WhiteRD "66"]
[BlackElo "2058"]
[BlackRD "84"]
[GameID "723190"]

1. d4 d5 2. c4 c6 3. e3 Nf6 4. Nc3 Bf5 5. Bd3 Bxd3 6. Qxd3 e6 7. c5 b6 8. cxb6 axb6 9. Nf3 Bd6 10. O-O Nbd7
11. e4 dxe4 12. Nxe4 Nxe4 13. Qxe4 Qc7 14. g3 Nf6 15. Qd3 Nd5 16. Bd2 O-O 17. Ng5 Nf6 18. Bc3 h6 19. Nf3 Nd5 20. Bd2 Rfd8
21. h4 c5 22. dxc5 Bxc5 23. Rac1 Qxg3+ 24. Kh1 Qh3+
0-1

[Event "FH 3"]
[Site "SchemingMind.com"]
[Date "2022.05.02"]
[Round "-"]
[White "Nattybridge"]
[Black "Black Knight"]
[Result "1-0"]
[WhiteCountry "ENG"]
[BlackCountry "USA"]
[WhiteElo "2050"]
[WhiteRD "81"]
[BlackElo "1235"]
[BlackRD "63"]
[GameID "723191"]

1. c4 e5 2. g3 Bb4 3. Bg2 Nf6 4. a3 Bd6 5. Nc3 Nc6 6. e3 Be7 7. Nge2 d6 8. d4 Bg4 9. O-O O-O 10. h3 Bh5
11. b4 a6 12. d5 Na7 13. f4 b5 14. g4 Nxg4 15. hxg4 Bxg4 16. Qd3 Qd7 17. e4 Bh4 18. f5 Bxe2 19. Qxe2 Nc8 20. Qg4 Bd8
21. Kf2 Ne7 22. Bh6 c6 23. Qxg7#
1-0

[Event "FH 3"]
[Site "SchemingMind.com"]
[Date "2022.05.03"]
[Round "-"]
[White "JAHI"]
[Black "Nattybridge"]
[Result "0-1"]
[WhiteCountry "INT"]
[BlackCountry "ENG"]
[WhiteElo "2157"]
[WhiteRD "69"]
[BlackElo "2127"]
[BlackRD "86"]
[GameID "723192"]

1. f3 e5 2. g3 d5 3. Bg2 Nf6 4. Kf1 c5 5. f4 exf4 6. gxf4 Nc6 7. Nf3 Bd6 8. d3 O-O 9. e3 Bg4 10. h3 Bh5
11. Rh2 b5 12. Nc3 a6 13. Ne2 Qb6 14. Kg1 Rfe8 15. Kh1 Rad8 16. Bd2 c4 17. Ng3 Bg6 18. d4 Ne4 19. Nxe4 dxe4 20. Nh4 Nxd4
21. exd4 e3 22. Nxg6 hxg6 23. Bb4 e2 24. Qg1 Bxb4 25. c3 Rxd4 26. Bf3 e1=Q 27. Rxe1 Rxe1 28. Qxe1 Rxf4 29. Rf2 Bc5 30. Rf1 Qf6
31. Bg2 Bd6 32. Kg1 Bc5+ 33. Kh1 Kh7 34. a3 a5 35. Qe2 Qh4 36. Qe1 Bf2 37. Qe2 g5 38. Qd1 g4 39. Qe2 gxh3 40. Bc6 Qg3
41. Qh5+ Kg8 42. a4 bxa4 43. Qe2 g6 44. Bd5 Be3 45. Bf3 Bc5 46. Bd5 a3 47. bxa3 h2 48. Bg2 Bxa3 49. Qe8+ Bf8 50. Rd1 Qxc3
51. Qe1 Qxe1+ 52. Rxe1 a4 53. Kxh2 a3 54. Re2 c3 55. Rc2 Bb4 56. Bc6 Rd4 57. Rc1 Rd2+ 58. Kg3 a2 59. Ba4 Rb2 60. Bc2 Rxc2
61. Rh1 Rb2 62. Ra1 c2 63. Kf3 Rb1 64. Rxa2 c1=Q 65. Ra8+ Bf8 66. Re8 Qc6+ 67. Kg4 Qxe8 68. Kf3 Rf1+ 69. Kg4 Qe4+ 70. Kg3 Qf3+
71. Kh2 Bd6#
0-1

[Event "FH 3"]
[Site "SchemingMind.com"]
[Date "2022.05.02"]
[Round "-"]
[White "Drag0nBall"]
[Black "Nattybridge"]
[Result "1-0"]
[WhiteCountry "NCA"]
[BlackCountry "ENG"]
[WhiteElo "2343"]
[WhiteRD "111"]
[BlackElo "2145"]
[BlackRD "85"]
[GameID "723193"]

1. d4 d5 2. c4 c6 3. Nf3 Nf6 4. e3 Bf5 5. Nc3 a6 6. Ne5 Nbd7 7. Qb3 Qc7 8. cxd5 Nxe5 9. dxe5 Nxd5 10. Bc4 e6
11. e4 Nxc3 12. exf5 Qxe5+ 13. Be3 Nd5 14. Bxd5 Qxd5 15. Qxb7 c5 16. Qb6 Be7 17. fxe6 fxe6 18. O-O O-O 19. Rad1 Qxa2 20. b3 Qb2
21. Qxe6+ Rf7 22. Rd7
1-0

[Event "FH 3"]
[Site "SchemingMind.com"]
[Date "2022.05.02"]
[Round "-"]
[White "Nattybridge"]
[Black "Gomezeta"]
[Result "1-0"]
[WhiteCountry "ENG"]
[BlackCountry "ITA"]
[WhiteElo "2114"]
[WhiteRD "85"]
[BlackElo "1608"]
[BlackRD "148"]
[GameID "723194"]

1. c4 b6 2. Nc3 Bb7 3. e4 e6 4. Nge2 Nf6 5. d3 d6 6. g3 d5 7. exd5 exd5 8. Bg2 c6 9. O-O Nbd7 10. Nd4 dxc4
11. Re1+ Be7 12. Bxc6 Qc8 13. Bxb7 Qxb7 14. Nf5 Ng8 15. Nd6+ Kf8 16. Nxb7 Rb8 17. Qf3 cxd3 18. Bf4 Re8 19. Nd6
1-0